नागार्जुन दिल्ली में (Record no. 156871)

MARC details
000 -LEADER
fixed length control field 00803nam a22001817a 4500
010 ## - LCCN (DPL NO)
LC control number HIN-129719
020 ## - INTERNATIONAL STANDARD BOOK NUMBER
International Standard Book Number 9788188457922
Terms of availability 500.00
035 ## - SYSTEM CONTROL NUMBER
System control number HN-102065
037 ## - SOURCE OF ACQUISITION
Source of stock number/acquisition DBAD
082 ## - DEWEY DECIMAL CLASSIFICATION NUMBER
Classification number 808.883
245 ## - TITLE STATEMENT
Title नागार्जुन दिल्ली में
Statement of responsibility, etc जाहिदुल दीवान द्वारा संपादित
250 ## - EDITION STATEMENT
Edition statement प्रथम
260 ## - PUBLICATION, DISTRIBUTION, ETC. (IMPRINT)
Place of publication, distribution, etc नई दिल्ली
Name of publisher, distributor, etc कल्याणी शिक्षा परिषद्
Date of publication, distribution, etc 2023
270 ## - ADDRESS
Address 3320-21,जटवाड़ा, दरियागंज,
City नई दिल्ली
Postal code 110002
300 ## - PHYSICAL DESCRIPTION
Extent 192पृ.
Dimensions 22सेमी(सजिल्द)
700 ## - ADDED ENTRY--PERSONAL NAME
Personal name दीवान, जाहिदुल
9 (RLIN) 81006
942 ## - ADDED ENTRY ELEMENTS (KOHA)
Source of classification or shelving scheme Dewey Decimal Classification
Item type Hindi Books
Classification part 808.883
Call number suffix नागार्जु
Holdings
Withdrawn status Lost status Not for loan Collection code Home library Current library Date acquired Source of acquisition Cost, normal purchase price Full call number Barcode Copy number Cost, replacement price Koha item type
      Non-fiction Janak Puri Janak Puri 05/05/2025 DBAD 500.00 808.883 नागार्जु HN-102065 1 500.00 Hindi Books

© Delhi Public Library
Hit Counter
free hit counter